000 00883nam a22002417a 4500
005 20240530110533.0
008 160323s2013 ua f 000 0 ara d
017 _a2012/21886
_bمصر . دار الكتب المصرية
020 _a9789774990717
040 _aEG-CaGPL
082 0 4 _221
_a701\
_bب ف
100 1 _aبل ، كلايف
245 1 2 _aالفن /
_cكلايف بل ؛ نقلة الى العربية عادل مصطفى ؛ راجعة و قدم لة ميشيل ميتياس
250 _aط1
260 _aالقاهرة :
_bرؤية للنشر و التوزيع ،
_c2013 .
300 _a302 ص ؛
_c19 سم .
650 0 4 _aالفنون
_xفلسفة
650 0 4 _aالجمال فى الفن
700 0 _aعادل مصطفى
_eمترجم
700 0 _aميشيل ميتياس
_eمقدم
942 _2ddc
_cBK
999 _c62127
_d62127